| 000 | 00876nam a2200217 i 4500 | ||
|---|---|---|---|
| 001 | 44618 | ||
| 003 | ES-MaACL | ||
| 005 | 20250808221308.0 | ||
| 007 | t| | ||
| 008 | 030321s1976 sp ||||1| spa d | ||
| 245 | 0 | 0 |
_aCódigo de derecho canónico y legislación complementaria / _ctexto latino y versión castellana con jurisprudencia y comentarios por Lorenzo Miguélez Domínguez, Sabino Alonso Morán y Marcelino Cabreros de Anta ; prólogo José López Ortíz. |
| 250 | _a10ª ed. | ||
| 260 |
_aMadrid : _bLa Editorial Católica, _c1976. |
||
| 300 |
_aXXXIX, 1212 p. ; _c20 cm. |
||
| 700 | 1 |
_aMiguélez Domínguez, Lorenzo _981048 |
|
| 700 | 1 |
_aAlonso Morán, Sabino, _d1890- _920365 |
|
| 700 | 1 |
_aCabreros de Anta, Marcelino _933327 |
|
| 700 | 1 |
_aLópez Ortiz, José, _d1898-1992 _973849 |
|
| 852 |
_aES-MaACL _jA-6377 _bR.95439 |
||
| 999 |
_c44618 _d44618 |
||